al-Iskandarīyah : tārīkh al-madīnah al-qadīmah wa-dalīl al-madīnah al-ḥadīthah /

محفوظ في:

المؤلف الرئيسي: Faraj, Fuʼād (مؤلف)

التنسيق: كتاب

اللغة: Arabic

منشور في: Miṣr : Maṭbaʻat al-Maʻārif wa-Maktabatuhā, 1942.

الطبعة: al-Ṭabʻah 2.

سلاسل: Mudun al-Miṣrīyah wa taṭawwurātuhā maʻa al-ʻuṣūr. Majmūʻah fannīyah tārīkhīyah ; 1.

الموضوعات:

الوسوم: إضافة وسم

لا توجد وسوم, كن أول من يضع وسما على هذه التسجيلة!

رقم الطلب: DT154 .A4 F3 1942

LEADER 01395nam a2200289Ia 4500
003 OSt
005 20230712072721.0
008 130303s1942 ua ab 000 0 ara d
952 |0 0  |1 0  |2 lcc  |4 0  |6 DT0154 A4 F3 01942  |7 1  |9 49195  |a ARCE  |b ARCE  |d 2023-07-12  |l 0  |o DT154 .A4 F3 1942  |p 1030477  |r 2023-07-12 00:00:00  |w 2023-07-12  |y BK 
999 |c 29499  |d 29499 
040 |c ARCE Library 
043 |a f-ua--- 
050 4 |a DT154 .A4 F3 1942 
100 1 |6 880-01  |a Faraj, Fuʼād,  |e author 
245 1 3 |6 880-02  |a al-Iskandarīyah :   |b tārīkh al-madīnah al-qadīmah wa-dalīl al-madīnah al-ḥadīthah /   |c Fuʾād Faraj. 
250 |a al-Ṭabʻah 2. 
264 1 |a Miṣr :   |b Maṭbaʻat al-Maʻārif wa-Maktabatuhā,   |c 1942. 
300 |a 110 pages, [1] folded pages :  |b illustrations, maps ;  |c 28 cm. 
490 1 |a Mudun al-Miṣrīyah wa taṭawwurātuhā maʻa al-ʻuṣūr. Majmūʻah fannīyah tārīkhīyah ;   |v 1. 
555 |a Hadeer 
555 |a wafaa.lib 
651 0 |a Alexandria (Egypt)  |x History. 
830 0 |a Mudun al-Miṣrīyah wa taṭawwurātuhā maʻa al-ʻuṣūr. Majmūʻah fannīyah tārīkhīyah ;   |v 1. 
880 1 |6 100-01/(3/r  |a فرج، فؤاد 
880 1 2 |6 245-02/(3/r  |a الإسكندرية :   |b تاريخ المدينة القديمة و دليل المدينة الحديثة   |c فؤاد فرج.‪‪‪‪‪‪‪‪‪‪‪‪‪‪‪‪ 
901 |a reviewed 
942 |c BK  |2 lcc